[Event "Malmo op"]
[Site "Malmo"]
[Date "2022.12.16"]
[Round "1"]
[White "Sikstrom, Pontus"]
[Black "Kucuksari, Kaan"]
[Result "1-0"]
[WhiteElo "1858"]
[BlackElo "2492"]
[PlyCount "71"]
[EventDate "2022.12.16"]
[EventType "swiss"]
[EventRounds "8"]
[EventCountry "SWE"]
[SourceTitle "CBM 211 Extra"]
[Source "ChessBase"]
[SourceDate "2023.01.31"]
[SourceVersion "1"]
[SourceVersionDate "2023.01.31"]
[SourceQuality "1"]

1. e4 Nf6 2. e5 Nd5 3. d4 d6 4. c4 Nb6 5. exd6 cxd6 6. Nc3 g6 7. Be3 Bg7 8. Rc1 0-0 9. b3 Nc6 10. d5 Ne5 11. Be2 Re8 12. f4 Ned7 13. Nf3 e6 14. Bd4 exd5 15. Bxg7 Kxg7 16. 0-0 dxc4 17. Nb5 d5 18. bxc4 Nf6 19. c5 Nc4 20. Bxc4 dxc4 21. Nd6 Re3 22. Qd4 Rd3 23. Qxc4 Rd5 24. Ng5 Be6 25. Nxe6+ fxe6 26. Nxb7 Qc7 27. c6 Rc8 28. Rfe1 Qb6+ 29. Kh1 Ng4 30. h3 Nf2+ 31. Kh2 Kf7 32. Rxe6 Kxe6 33. Re1+ Kf6 34. Qxd5 Qxc6 35. Qd4+ Kf7 36. Nd6+ 1-0